Loading...
Social Science | 0 | 5 | 0 | 4 | 50 | 105 | 122.00 | 0 | 2 |
Literature - World Literature | 0 | 4 | 1 | 1 | 35 | 122 | 124.50 | 0 | 1 |
Literature - American Literature | 0 | 3 | 0 | 1 | 30 | 112 | 115.00 | 0 | 3 |
Science - Biology | 0 | 3 | 0 | 1 | 30 | 125 | 130.67 | 0 | 2 |
Literature - European Literature | 0 | 3 | 1 | 2 | 25 | 120 | 137.67 | 0 | 2 |
Beliefs | 0 | 2 | 0 | 1 | 20 | 110 | 115.50 | 0 | 1 |
Philosophy | 0 | 2 | 0 | 0 | 20 | 123 | 127.00 | 0 | 1 |
Science - Other Science | 0 | 2 | 0 | 1 | 20 | 116 | 122.50 | 0 | 2 |
Visual Arts | 0 | 1 | 0 | 0 | 10 | 115 | 115.00 | 0 | 0 |
Fine Arts - Other Arts | 0 | 0 | 0 | 0 | 0 | 0.00 | 0 | 0 | |
Literature - British Literature | 0 | 0 | 1 | 0 | -5 | 0.00 | 0 | 0 |